| 000 | 00613nam a2200205Ia 4500 | ||
|---|---|---|---|
| 005 | 20250508152434.0 | ||
| 008 | 008 250505s9999 xx 000 0 eng d | ||
| 037 | _aTextual | ||
| 040 |
_aFEDL _beng _cFEDL |
||
| 041 |
_aeng _2eng |
||
| 084 |
_a372.3, LOW _qFEDL |
||
| 100 |
_aLowe Homer J _9761485 |
||
| 245 | 0 | _aClassroom and field studies in elementary school science | |
| 260 |
_aPalo Alto _bThe National Press _c1957 |
||
| 300 | _av,125p | ||
| 490 | _aA syllabus for elementary school teachers | ||
| 650 | _aTeaching Technique | ||
| 942 |
_cTEXL _h372.3, LOW |
||
| 999 |
_c1336419 _d1336419 |
||